000 00867nam a2200265Ia 4500
005 20220317000238.0
008 141031s9999 ck 000 0 spa d
020 _a9789587116717
082 0 4 _a362.767
_bF27p
100 1 0 _aFernández de los Campos, Aida Elia
245 1 3 _aLa prevención del maltrato intrafamiliar a los niños
_cAida Elia Fernández de los campos
250 _a1a edición
300 _a306 páginas
_c20 cm.
500 _aIncluye índice alfabético
650 1 4 _2LEMB
_aDerechos del niño
650 1 4 _2LEMB
_aVictimas de la violencia familiar
650 1 4 _2LEMB
_aViolencia en niños
650 1 4 _2LEMB
_aViolencia familiar
942 _2ddc
_cBK
264 _aBogotá
_bLeyer
_c2010
336 _atexto
_btxt
_2rdacontent
337 _asin mediación
_bn
_2rdamedia
338 _avolumen
_bnc
_2rdacarrier
040 _aCO-BoRNBP
_bspa
_erda
_cCO-BoRNBP
999 _c3508
_d3508